Normal view
MARC view
- Farache, Leo,
Entry Nombre Personal
001 - NUMERO DE CONTROL
- campo de control: 49821
003 - IDENTIFICADOR DE NUMERO DE CONTROL
- campo de control: DLC
005 - FECHA Y HORA DE LA ÜLTIMA TRANSACCIÓN
- campo de control: 20230822132427.0
008 - DATOS DE LONGITUD FIJA
- campo de control de longitud fija: 140402nn acnnnaabn |n aaa c
010 ## - NÚMERO DE CONTROL DE LA BIBLIOTECA DEL CONGRESO
- Número de control LC: no2014044238
035 ## - NUMERO DE CONTROL
- Número de control: (OCoLC)oca09723711
040 ## - FUENTE DE CATALOGACIÓN
- Agencia original de catalogación: PE-LiPUB
- Lenguaje de catalogación: spa
- Agencia de transcripción: PE-LiPUB
- Description conventions: rda
- Agencia que lo modifica: MX-MxUPN
100 1# - ENCABEZAMIENTO - NOMBRE PERSONAL
- Nombre personal: Farache, Leo,
- Fechas asociadas con el nombre: 1963-
373 ## - GRUPO ASOCIADO
- Associated group: Universidad Carlos III de Madrid
- Source of information: lcsh
374 ## - OCUPACIÓN
- Occupation: Maestros universitarios
- Source of information: bgtq
670 ## - FUENTE EN LA QUE SE LOCALIZARON DATOS
- Cita de la fuente: Gestionando adolescentes, 2012:
- Información localizada: solapa (Leo Farache (1963); es licenciado en Ciencias Empresariales y Executive MBA por el IE; desde que en 1995 entrara en contacto con el mundo de la educación como profesor asociado de la Universidad Carlos III de Madrid)
670 ## - FUENTE EN LA QUE SE LOCALIZARON DATOS
- Cita de la fuente: Gestionando adolescentes, 2018:
- Información localizada: portada (Leo Frache)
902 ## - CATALOGADOR
- Catalogador: VíctorGodínez/220823
